| 000 | 03590cam a2200481 i 4500 | ||
|---|---|---|---|
| 999 |
_c200429332 _d47256 |
||
| 003 | TR-AnTOB | ||
| 005 | 20230524155213.0 | ||
| 007 | ta | ||
| 008 | 180403t20142014tu b 000 0 tur d | ||
| 020 | _a9786053432647|q(paperback) | ||
| 040 |
_aBGZ _beng _erda _cBGZ _dTR-AnTOB |
||
| 041 | 1 |
_atur _heng |
|
| 050 | _aE902 | ||
| 090 |
_aE902 _b.F7619 2014 |
||
| 100 | 1 |
_aFriedman, George _eauthor _924050 |
|
| 240 | 1 | 0 |
_aAmerica's secret war : inside the hidden worldwide struggle between America and its enemies. _lTurkish. |
| 245 | 1 | 0 |
_aAmerika'nın gizli savaşı : _bAmerika ve düşmanları arasındaki küresel çatışma _cGeorge Friedman ; İngilizceden çeviren Enver Günsel ; editör İbrahim Şener. |
| 246 | 3 | 0 | _aAmerika ve düşmanları arasındaki küresel çatışma |
| 246 | 3 | 0 | _aKüresel çatışma |
| 250 | _a1. Baskı: İstanbul, Mart 2014. | ||
| 264 | 1 |
_aİstanbul : _bPegasus yayınları, _c2014. |
|
| 264 | 4 | _c©2014. | |
| 300 |
_a382 pages : _bmaps ; _c21 cm. |
||
| 336 |
_atext _btxt _2rdacontent |
||
| 337 |
_aunmediated _bn _2rdamedia |
||
| 338 |
_avolume _bnc _2rdacarrier |
||
| 490 | 0 |
_aPegasus Yayınları ; _v815 |
|
| 500 | _a''George Friedman Stratfor'un kurucusu'--Cover. | ||
| 500 | _aOriginal title: America's secret war : inside the hidden worldwide struggle between America and its enemies. | ||
| 520 | _aBarron's tarafından "Gölge CIA" olarak nitelendirilen George Friedman'ın küresel istihbarat şirketi Stratfor, Fortune 500 şirketlerine, medya kuruluşlarına ve hatta ABD hükümetine analizler sunmaktadır. Friedman bu kitabında Amerika'nın Afganistan, Irak ve sonrasındaki dış siyaseti ve savaşlarıyla ilgili medyanın ortaya çıkaramadığı jeopolitik hikâyeyi anlatıyor. -El Kaide'nin savaş planları neydi ve 11 Eylül saldırısını nasıl gerçekleştirdi? -New York'ta nükleer bomba yüklü bir çanta tehdidi savaşın gidişatını nasıl değiştirdi? -Afganistan'ın istila edilmesi için ABD, Rusya ve İran'la nasıl anlaştı? -11 Eylül saldırısı Suudi Arabistan'ı ve Ortadoğu'yu nasıl etkiledi? -George W. Bush'un Irak'ı istila etmesinin ardında yatan gerçek nedenler neydi ve Kitle İmha Silahları daha derin bir oyunun parçası olarak nasıl gündeme geldi? -CIA, Saddam Hüseyin'in ve İran'ın gerçek planları hakkında nasıl yanlış hesaplamalar yaptı ve bunlar savaşta ABD'yi nasıl çıkmaza soktu? -ABD neden El Kaide'yi yok edemedi? -ABD'nin stratejik hataları ve başarıları nelerdi? -Türkiye'nin 1 Mart Tezkeresi'ni TBMM'de reddetmesinin gerçek sebepleri nelerdi ve bu süreç ABD-Türkiye ilişkilerini nasıl etkiledi? -ABD'nin Irak savaşı planlarında Kürtlerin rolü neydi? -Irak'ta ABD'nin Sünnilere ve Şiilere karşı izlediği denge politikası neydi? -Irak'taki Şiilerin lideri Sistani, ABD'nin planlarını bozmak için hangi adımları attı? | ||
| 610 | 0 |
_aQaida (Organization) _924002 |
|
| 650 |
_929079 _aİstihbarat teşkilatı _zAmerika Birleşik Devletleri |
||
| 650 | 0 |
_929078 _aIntelligence service _zUnited States |
|
| 650 |
_aTerörizmle Savaş, 2001-2009 _9119548 |
||
| 650 | 0 |
_aWar on Terrorism, 2001-2009 _9119547 |
|
| 651 | 0 |
_aUnited States _xForeign relations _y1989- _93896 |
|
| 651 | 7 |
_aAmerika Birleşik Devletleri _xDış ilişkiler _y1989- _2etuturkob _939474 |
|
| 700 | 1 |
_aŞener, İbrahim _eeditor _925478 |
|
| 700 | 1 |
_aGünsel, Enver _etranslater _955523 |
|
| 856 |
_3Publisher web page _uhttp://www.pegasusyayinlari.com/kitap_detay.php?kitapid=14193545654 |
||
| 942 |
_2lcc _cBK |
||